000 00468nam a2200181Ia 4500
003 GCL
008 140319s9999 xx 000 0 eng d
040 _aGCL /
_cGCL
082 0 4 _a747.7
_bP D
100 1 _aPELLAM, JOHN L.
245 1 0 _a100 DESIGNERS' FAVORITE ROOMS /
_cPELLAM, JOHN L.
260 _a[S.N] :
_bBARONS WHO'S WHO ،
_c1993
300 _a234
650 0 4 _aDESIGNERS
650 0 4 _aINTERIOR DECORATION
650 0 4 _aINTERIOR DESIGN
942 _2ddc
_cBK
999 _c24185
_d24185